000 00897cam a22003017a 4500
003 CHAP
005 20220329134822.0
008 971013s1957 r 00010 d
010 _a26457
011 _a27429
035 _a31530
040 _cCHAP
082 _a361.3
_bK3
100 0 0 _aKahn, Robert L.
_962596
245 1 4 _aThe dynamics of interviewing ; theory techniques and cases
260 _aNew York :
_bWiley,
_c1957
300 _a368 p.
490 0 _aWiley international edition
590 _aBATCH-UPD
_b10
_c20130110
_lUCH01
_h0039
590 _aBATCH-UPD
_b10
_c20130110
_lUCH01
_h2104
590 _aCONVERSION
_b10
_c20130109
_lUCH01
_h1315
650 1 4 _aEntrevistas.
_937164
700 0 _aCannell, Charles F.
_918372
830 0 _aWiley international edition
_9121936
901 _aBK
942 _cLIBRO
949 _a361.3 K3
_bBC
_cLIBRO
_d33724000377768
_eLIBRO
_h27819
_i31530
_si
999 _c26457
_d26457